Comprehensive Medicine for Dental Students (Record no. 24891)

MARC details
000 -LEADER
fixed length control field 00351nam a22001457a 4500
003 - CONTROL NUMBER IDENTIFIER
control field SGT
020 ## - INTERNATIONAL STANDARD BOOK NUMBER
International Standard Book Number 9789354654916
082 ## - DEWEY DECIMAL CLASSIFICATION NUMBER
Classification number 610
Item number C22B
100 ## - MAIN ENTRY--PERSONAL NAME
Personal name Boloor, Archith
245 ## - TITLE STATEMENT
Title Comprehensive Medicine for Dental Students
260 ## - PUBLICATION, DISTRIBUTION, ETC. (IMPRINT)
Place of publication, distribution, etc New Delhi, India
Name of publisher, distributor, etc Jaypee Publishers
Year of Publication 2022
300 ## - PAGE DESCRIPTION
No. of Pages 598
650 ## - SUBJECT ADDED ENTRY--TOPICAL TERM
Topical term or geographic name as entry element Medicine
942 ## - ADDED ENTRY ELEMENTS (KOHA)
Source of classification or shelving scheme Dewey Decimal Classification
Koha item type Books
942 ## - ADDED ENTRY ELEMENTS (KOHA)
-- 21
Holdings
Withdrawn status Lost status Source of classification or shelving scheme Damaged status Not for loan Home library Current library Shelving location Date acquired Vendor Name SGTU Bill Number Full call number Accession No. (Barcode) Date last seen Bill Date Koha item type Total Checkouts Date last borrowed Checked out
    Dewey Decimal Classification     SGT Dental Library SGT Dental Library Reference Book 26/08/2023 Ahuja Book Co. Pvt. Ltd. SGTU 16974 610 C22B FD9268 26/08/2023 28/06/2023 Books      
    Dewey Decimal Classification     SGT Dental Library SGT Dental Library Text Book 26/08/2023 Ahuja Book Co. Pvt. Ltd. SGTU 16974 610 C22B FD9269 06/05/2025 28/06/2023 Books 15 06/05/2025  
    Dewey Decimal Classification     SGT Dental Library SGT Dental Library Text Book 26/08/2023 Ahuja Book Co. Pvt. Ltd. SGTU 16974 610 C22B FD9270 03/06/2026 28/06/2023 Books 7 03/06/2026  
    Dewey Decimal Classification     SGT Dental Library SGT Dental Library Text Book 26/08/2023 Ahuja Book Co. Pvt. Ltd. SGTU 16974 610 C22B FD9271 24/06/2025 28/06/2023 Books 3 09/01/2025  
    Dewey Decimal Classification     SGT Dental Library SGT Dental Library Text Book 26/08/2023 Ahuja Book Co. Pvt. Ltd. SGTU 16974 610 C22B FD9272 02/06/2026 28/06/2023 Books 7 02/06/2026 16/06/2026